000 00477nam a2200193 a 4500
001 1761388346726
003 ACL
005 20251025160556.0
008 251025s1993##################000#0#eng##
020 _a9780719549892
082 0 4 _a658.8
_bSTE
100 1 _aStefanou, Rosemarie,
_eauthor.
245 1 0 _aSuccess in Marketing :
260 _bJohn Murray Publishers,
_c1993.
300 _a244 pages
650 0 _aMarketing.
942 _cENGLISH
040 _aACL
_beng
_cACL
999 _c593713
_d593713